000 00588nam a2200229Ia 4500
003 OSt
005 20230617094234.0
008 210423s2003 xx 000 0 und d
020 _a71674754995
040 _cAL
041 _aeng
082 _a616.079 GOLR
100 _aGOLDSBY (Richard A);KINDT (Thomas J);OSBORNE (Barbara A);KUBY (Janis)
_996513
245 _aImmunology Ed 5
250 _a5
260 _aNew York
_bW H Freeman & Co.
_c2003
300 _axxiii,A1-i25
_bPB
365 _b3020
_cINR
650 _aImmunology
_996514
906 _aImmunology
942 _2ddc
_cBK
999 _c163017
_d163017